[Event "CZE-chT U20 Extraliga West 1415"]
[Site "Czech Republic"]
[Date "2014.12.06"]
[Round "5.2"]
[White "Havelka, Jan"]
[Black "Horak, Ales"]
[Result "1-0"]
[WhiteElo "2034"]
[BlackElo "1991"]
[PlyCount "49"]
[EventDate "2014.10.11"]
[EventType "team-tourn"]
[EventRounds "11"]
[EventCountry "CZE"]
[SourceTitle "EXT 2021"]
[Source "ChessBase"]
[SourceDate "2020.10.23"]
[SourceVersion "1"]
[SourceVersionDate "2020.10.23"]
[SourceQuality "1"]
[WhiteTeam "Bustehrad (U20)"]
[BlackTeam "Most Chess (U20)"]
[WhiteTeamCountry "CZE"]
[BlackTeamCountry "CZE"]

1. e4 d6 2. Nc3 e5 3. Nf3 Nf6 4. d4 exd4 5. Nxd4 Be7 6. h3 0-0 7. Be3 Re8 8. Qf3 Nbd7 9. g4 Ne5 10. Qg2 c5 11. Nf5 Bxf5 12. gxf5 Qb6 13. 0-0-0 Bf8 14. Rg1 Nc6 15. Rxd6 Nxe4 16. Nxe4 Rxe4 17. Qxe4 Bxd6 18. Bc4 Be5 19. c3 Rd8 20. Bxf7+ Kxf7 21. Qc4+ Ke8 22. Bxc5 Bf4+ 23. Kb1 Ne5 24. Qg8+ Kd7 25. Qxg7+ 1-0

[Event "CZE-ch U20 sf"]
[Site "Frydek Mistek"]
[Date "2014.11.18"]
[Round "4"]
[White "Vasicek, Tomas"]
[Black "Horak, Ales"]
[Result "0-1"]
[WhiteElo "1684"]
[BlackElo "1991"]
[PlyCount "86"]
[EventDate "2014.11.16"]
[EventType "swiss"]
[EventRounds "9"]
[EventCountry "CZE"]
[SourceTitle "CBM 163 Extra"]
[Source "ChessBase"]
[SourceDate "2014.12.23"]
[SourceVersion "1"]
[SourceVersionDate "2014.12.23"]
[SourceQuality "1"]

1. d4 Nf6 2. Nf3 e6 3. Bf4 d5 4. e3 Be7 5. Nbd2 c5 6. c3 Nc6 7. Bd3 cxd4 8. exd4 a6 9. Ne5 Nd7 10. Ndf3 Ncxe5 11. dxe5 g5 12. Bg3 h5 13. h3 b6 14. Qe2 Bb7 15. Nd4 Qc7 16. Nf3 Nc5 17. Bc2 0-0-0 18. 0-0-0 Kb8 19. h4 g4 20. Nd4 Ne4 21. Bxe4 dxe4 22. Qe3 Bc5 23. Bf4 Rd7 24. Rd2 Bd5 25. a3 Rhd8 26. Bg5 Rc8 27. Re1 Ka7 28. Bf6 Bb7 29. Red1 Rd5 30. Qg3 Qd7 31. Kb1 Qa4 32. Nc2 Qb3 33. Rxd5 Bxd5 34. Bg5 Bxa3 35. Nxa3 Qxd1+ 36. Bc1 Ba2+ 37. Kxa2 Qxc1 38. c4 Rd8 39. Qb3 Rd1 40. Qb4 Qa1+ 41. Kb3 Rd3+ 42. Ka4 a5 43. Qe7+ Ka6 0-1

[Event "CZE-ch U20 sf"]
[Site "Frydek Mistek"]
[Date "2014.11.17"]
[Round "2"]
[White "Kula, Dominik"]
[Black "Horak, Ales"]
[Result "1/2-1/2"]
[WhiteElo "2074"]
[BlackElo "1991"]
[PlyCount "108"]
[EventDate "2014.11.16"]
[EventType "swiss"]
[EventRounds "9"]
[EventCountry "CZE"]
[SourceTitle "CBM 163 Extra"]
[Source "ChessBase"]
[SourceDate "2014.12.23"]
[SourceVersion "1"]
[SourceVersionDate "2014.12.23"]
[SourceQuality "1"]

1. e4 c5 2. Nf3 d6 3. d4 cxd4 4. Nxd4 Nf6 5. Nc3 a6 6. Bc4 e6 7. 0-0 Qc7 8. Bb3 b5 9. f4 b4 10. Na4 Nxe4 11. Re1 d5 12. c4 dxc4 13. Bxc4 Bb7 14. Qc2 Bd6 15. Rxe4 Bxe4 16. Qxe4 Ra7 17. Be3 0-0 18. Rc1 Qe7 19. Bd3 g6 20. Nb6 Rc7 21. Rxc7 Qxc7 22. Nxe6 fxe6 23. Qxe6+ Rf7 24. Bc4 Kg7 25. Qxf7+ Qxf7 26. Bxf7 Kxf7 27. Nc4 Bc7 28. Kf2 Ke6 29. Kf3 Kd5 30. b3 Nd7 31. g4 Nf6 32. Nd2 Bd6 33. h3 Be7 34. Bf2 Nd7 35. Nc4 Bd8 36. Ke3 Bc7 37. f5 gxf5 38. gxf5 Nc5 39. Bh4 a5 40. Nb2 Ne4 41. f6 Nd6 42. Kf3 Nf5 43. Kg4 Ke6 44. Bg5 Nd4 45. Kh5 Ne2 46. Kh6 Kf7 47. Nd1 Be5 48. Be3 Nc3 49. Nxc3 bxc3 50. Kg5 c2 51. Bc1 Bxf6+ 52. Kf5 h6 53. Bxh6 Bb2 54. Ke4 c1Q 1/2-1/2

[Event "CZE-ch U16"]
[Site "Kouty nad Desnou"]
[Date "2014.03.12"]
[Round "6"]
[White "Skorepa, Jakub"]
[Black "Horak, Ales"]
[Result "0-1"]
[WhiteElo "1797"]
[BlackElo "1957"]
[PlyCount "68"]
[EventDate "2014.03.08"]
[EventType "swiss"]
[EventRounds "9"]
[EventCountry "CZE"]
[SourceTitle "EXT 2015"]
[Source "ChessBase"]
[SourceDate "2014.11.20"]
[SourceVersion "1"]
[SourceVersionDate "2014.11.20"]
[SourceQuality "1"]

1. e4 d6 2. d4 g6 3. Nf3 Nf6 4. Nc3 c6 5. Bf4 Nbd7 6. h3 b5 7. Bd3 b4 8. Ne2 c5 9. c3 Bg7 10. cxb4 cxd4 11. e5 dxe5 12. Nxe5 Nd5 13. Nxd7 Qxd7 14. Bd2 Rb8 15. a3 e5 16. Rc1 0-0 17. Qb3 Bb7 18. 0-0 f5 19. f3 Kh8 20. Ng3 Nf6 21. Rfe1 Qd6 22. Bxf5 Bd5 23. Qc2 gxf5 24. Nxf5 Qd7 25. Rxe5 Rbc8 26. Qd3 Rxc1+ 27. Bxc1 Qc7 28. Re1 Nh5 29. Nxd4 Qg3 30. Re7 Qh4 31. Nf5 Rxf5 32. Qxf5 Qxe7 33. Bd2 Bd4+ 34. Kh2 Qe5+ 0-1

[Event "Kadan op"]
[Site "Kadan"]
[Date "2014.??.??"]
[Round "9"]
[White "Horak, Ales"]
[Black "Petras, Milan"]
[Result "0-1"]
[WhiteElo "1957"]
[BlackElo "1996"]
[PlyCount "90"]
[EventDate "2014.08.??"]
[EventType "swiss"]
[EventRounds "9"]
[EventCountry "CZE"]
[SourceTitle "EXT 2016"]
[Source "ChessBase"]
[SourceDate "2015.10.08"]
[SourceVersion "1"]
[SourceVersionDate "2015.10.08"]
[SourceQuality "1"]

1. e4 e6 2. d4 d5 3. Nd2 c5 4. dxc5 Bxc5 5. Nb3 Bb6 6. exd5 exd5 7. Bb5+ Nc6 8. Nf3 Be6 9. 0-0 Qd6 10. Bg5 Nge7 11. c4 0-0 12. Rc1 Bc7 13. cxd5 Bxd5 14. Re1 Rfe8 15. Nbd4 Nxd4 16. Qxd4 Nc6 17. Qc5 Rxe1+ 18. Nxe1 Qxh2+ 19. Kf1 Re8 20. Be3 Qh1+ 21. Ke2 Qh5+ 22. Kf1 Qh1+ 23. Ke2 Qh5+ 24. Kf1 Bb6 25. Bxc6 Rxe3 26. fxe3 Bxc5 27. Bd7 Qh1+ 28. Ke2 Qh5+ 29. Kf1 Bc6 30. Bxc6 bxc6 31. Nd3 Bxe3 32. Re1 Qf5+ 33. Ke2 Bg5 34. Nf2 h6 35. Rd1 Qe5+ 36. Kf1 Qxb2 37. g3 c5 38. Ne4 Qc2 39. Re1 Qxa2 40. Kg1 c4 41. Nd6 g6 42. Rf1 c3 43. Nxf7 Qxf7 44. Re1 c2 45. g4 c1Q 0-1

[Event "Kadan op"]
[Site "Kadan"]
[Date "2014.??.??"]
[Round "3"]
[White "Horak, Ales"]
[Black "Vykouk, Jan"]
[Result "1/2-1/2"]
[WhiteElo "1957"]
[BlackElo "2091"]
[PlyCount "40"]
[EventDate "2014.08.??"]
[EventType "swiss"]
[EventRounds "9"]
[EventCountry "CZE"]
[SourceTitle "EXT 2016"]
[Source "ChessBase"]
[SourceDate "2015.10.08"]
[SourceVersion "1"]
[SourceVersionDate "2015.10.08"]
[SourceQuality "1"]

1. Nf3 Nf6 2. c4 g6 3. b3 Bg7 4. Bb2 0-0 5. g3 c6 6. Bg2 d5 7. d4 Bf5 8. 0-0 Be4 9. Nbd2 Nbd7 10. Nxe4 Nxe4 11. Nd2 Nxd2 12. Qxd2 Nf6 13. Qc2 Qd7 14. Rac1 Rac8 15. e3 Rfe8 16. f3 e6 17. Bh3 c5 18. dxc5 Rxc5 19. Bd4 Rc6 20. Qb2 Nh5 1/2-1/2

[Event "Kadan op"]
[Site "Kadan"]
[Date "2014.??.??"]
[Round "6"]
[White "Molnar, Ladislav"]
[Black "Horak, Ales"]
[Result "0-1"]
[WhiteElo "1804"]
[BlackElo "1957"]
[PlyCount "52"]
[EventDate "2014.08.??"]
[EventType "swiss"]
[EventRounds "9"]
[EventCountry "CZE"]
[SourceTitle "EXT 2016"]
[Source "ChessBase"]
[SourceDate "2015.10.08"]
[SourceVersion "1"]
[SourceVersionDate "2015.10.08"]
[SourceQuality "1"]

1. e4 c5 2. c3 d5 3. exd5 Qxd5 4. d4 cxd4 5. Nf3 Nc6 6. Be2 e5 7. cxd4 exd4 8. 0-0 Nf6 9. Qa4 Bc5 10. Bc4 Qd6 11. Re1+ Be6 12. Ng5 0-0 13. Bxe6 fxe6 14. Rxe6 Rae8 15. Rxe8 Rxe8 16. Qc4+ Qd5 17. Qxd5+ Nxd5 18. Nf3 Re2 19. Bd2 d3 20. Nc3 Nxc3 21. Bxc3 Rxf2 22. Kh1 Nb4 23. a3 Nc2 24. Rc1 Ne3 25. Bd2 Nc4 26. Be1 Rf1+ 0-1